000 01073nam a2200229Ia 4500
001 L235-9411
003 IT-CnALBA
008 170116s9999||||xx |||||||||||||| ||und||
040 _aIT-CnALBA
_cIT-CnALBA
041 _aLATINO - MULTILINGUE
100 _aPARISIEN.
245 0 _aBEATIFICATIONIS ET CANONIZATIONIS SERVI DEI DANIELIS BROTTIER.
250 _a1a ed.
260 _a ROMA
_bBELLI E GUERRA TIPOGRAFIA
_c1973 [1° Ed.:1973 - Ed.Ling.Originale: 1973]
300 _a46 p.
500 _aCONGREGAZIONE PER LE CAUSE DEI SANTI. ESAME SULLE VIRTÙ EROICHE DEL SERVO DI DIO DANIELE BROTTIER, SACERDOTE PROFESSO CONGREGAZIONE S. SPIRITO E IMMACOLATO CUORE DI MARIA.
501 _aSocietà San Paolo EM - Piazza San Paolo, 14 - 12051 ALBA (CN) (non commercial uses only) ® Copyright 2017
520 _aCONGREGAZIONE PER LE CAUSE DEI SANTI. ESAME SULLE VIRTÙ EROICHE DEL SERVO DI DIO DANIELE BROTTIER, SACERDOTE PROFESSO CONGREGAZIONE S. SPIRITO E IMMACOLATO CUORE DI MARIA.
650 _aMARIA SS. ANGELI SANTI DEMONI
942 _cBK
957 _71
999 _a10387
_bNO
_g Copie: 1
_c268587
_d268587